000 00786nam a2200229 a 4500
001 BRCA_3891
005 20190320204450.0
008 050110s1870----mx-#######---#000-0#spa-#
041 _aspa
044 _amx
050 4 _aF1233.M3
_b.B37 1870
100 1 _aBasch, Samuel Siegfried Karl, ritter von
_d1837-1905
_99954
245 1 0 _aRecuerdos de México
_bmemorias del médico ordinario del emperador Maximiliano, 1866-1867
_cSamuel Basch ; obra traducida del italiano al español por el doctor Manuel Peredo
260 _aMéxico
_bN. Chavéz
_c1870
300 _a479 p.
_c23 cm.
500 _aC101
600 1 4 _aMaximiliano
_910121
651 4 _aMéxico
_xHistoria
_yIntervención francesa, 1861-1867
_910122
700 1 _aPeredo, Manuel
_etr
_910123
902 _aGFM
942 _2lcc
_cB
999 _c3619
_d3619